00551nam a2200193 a 45000010005000000030009000050080041000140400028000550820015000831000037000982450071001352500007002062600052002133000010002654900023002756500030002989420012003289990017003405452CO-ViMGA141112s2004 ck r 000 u spa d aCO-ViMGAbspacCO-ViMGA04a986.1 O2151 aOcampo López ; Javier, 91031110aHistoria básica de Colombia : bedición actualidad y aumentada a5a aSantafé de Bogotá : bPlaza y Janes, c1995 a421 p aCultura colombiana14aCOLOMBIA - HISTORIA97394 2ddccBK c17439d17439